| 000 | 005780000a22001930004500 | ||
|---|---|---|---|
| 090 |
_aAR _b04527 |
||
| 100 | 1 |
_aReid, Adele M. _998487 |
|
| 700 | 1 |
_aMorin, Louise _998488 |
|
| 700 | 1 |
_aDowney, Paul O. _998489 |
|
| 700 | 1 |
_aFrench, Kristine _998490 |
|
| 700 | 1 |
_aVirtue, John G. _998491 |
|
| 245 | 1 | 0 | _aDoes invasive plan management aid the restoration of natural ecosystems? |
| 041 | 0 | _aInglés | |
| 650 | 1 | 4 |
_aEspecies nativas _992420 |
| 650 | 1 | 4 |
_aMalezas _9731 |
| 650 | 1 | 4 |
_aEcosistemas _992256 |
| 942 | _cARTICULO | ||
| 773 | 1 |
_tBiological conservation _q2342-2349 _d2009 _g142 |
|
| 999 |
_c13627 _d13627 |
||